Power matters : (Record no. 34524)
[ view plain ]
| 000 -LEADER | |
|---|---|
| fixed length control field | 02096nam a2200337 a 4500 |
| 005 - DATE AND TIME OF LATEST TRANSACTION | |
| control field | 20100309140443.0 |
| 008 - FIXED-LENGTH DATA ELEMENTS--GENERAL INFORMATION | |
| fixed length control field | 061128s2006 ii b 001 0 eng |
| 010 ## - LCCN (DPL NO) | |
| LC control number | B-360841-845 |
| 020 ## - INTERNATIONAL STANDARD BOOK NUMBER | |
| International Standard Book Number | 9780198063315 |
| Terms of availability | 295.00 |
| 020 ## - INTERNATIONAL STANDARD BOOK NUMBER | |
| International Standard Book Number | 0198063318 |
| Terms of availability | 295.00 |
| 035 ## - SYSTEM CONTROL NUMBER | |
| System control number | B-360841-845 |
| 037 ## - SOURCE OF ACQUISITION | |
| Source of stock number/acquisition | Uppal Book Store |
| 040 ## - CATALOGING SOURCE | |
| Original cataloging agency | dpl |
| Language of cataloging | English |
| 082 ## - DEWEY DECIMAL CLASSIFICATION NUMBER | |
| Classification number | 303.3 |
| 100 ## - MAIN ENTRY--PERSONAL NAME | |
| Personal name | Harriss, John |
| 245 ## - TITLE STATEMENT | |
| Title | Power matters : |
| Remainder of title | essays on institutions, politics, and society in India / |
| Statement of responsibility, etc | by John Harriss |
| 260 ## - PUBLICATION, DISTRIBUTION, ETC. (IMPRINT) | |
| Place of publication, distribution, etc | New Delhi |
| Name of publisher, distributor, etc | Oxford University Pres |
| Date of publication, distribution, etc | 2009 |
| 270 ## - ADDRESS | |
| Address | YMCA Library Building, Jai Singh Road, |
| City | New Delhi |
| Postal code | 110001 |
| 300 ## - PHYSICAL DESCRIPTION | |
| Extent | xii, 314p. |
| Dimensions | 23cm(pbk) |
| 500 ## - GENERAL NOTE | |
| General note | Includes bibliographical references and index. |
| 650 ## - SUBJECT ADDED ENTRY--TOPICAL TERM | |
| Topical term or geographic name as entry element | Social classes |
| Geographic subdivision | India. |
| 650 ## - SUBJECT ADDED ENTRY--TOPICAL TERM | |
| Topical term or geographic name as entry element | Politics and culture |
| Geographic subdivision | India. |
| 650 ## - SUBJECT ADDED ENTRY--TOPICAL TERM | |
| Topical term or geographic name as entry element | Power (Social sciences) |
| Geographic subdivision | India. |
| 942 ## - ADDED ENTRY ELEMENTS (KOHA) | |
| Source of classification or shelving scheme | Dewey Decimal Classification |
| Item type | English Books |
| Call number suffix | HAR |
| Classification part | 303.3 |
| Withdrawn status | Lost status | Source of classification or shelving scheme | Damaged status | Not for loan | Home library | Current library | Date acquired | Source of acquisition | Cost, normal purchase price | Total Checkouts | Full call number | Barcode | Date last seen | Copy number | Cost, replacement price | Koha item type | Total Renewals |
|---|---|---|---|---|---|---|---|---|---|---|---|---|---|---|---|---|---|
| Dewey Decimal Classification | Central Library | Central Library | 09/03/2010 | Uppal Book Store/9013/26.10.09/128/16.10.09/26.10.09 | 295.00 | 1 | 303.3 HAR | B-360841 | 28/07/2018 | 1 | 295.00 | English Books | |||||
| Dewey Decimal Classification | Janak Puri | Janak Puri | 09/03/2010 | Uppal Book Store/9013/26.10.09/128/16.10.09/26.10.09 | 295.00 | 7 | 303.3 HAR | B-360843 | 24/01/2025 | 1 | 295.00 | English Books | 2 | ||||
| Dewey Decimal Classification | Karol Bagh | Karol Bagh | 09/03/2010 | Uppal Book Store/9013/26.10.09/128/16.10.09/26.10.09 | 295.00 | 1 | 303.3 HAR | B-360845 | 07/01/2021 | 1 | 295.00 | English Books | |||||
| Dewey Decimal Classification | Patel Nagar | Patel Nagar | 09/03/2010 | Uppal Book Store/9013/26.10.09/128/16.10.09/26.10.09 | 295.00 | 303.3 HAR | B-360842 | 09/03/2010 | 1 | 295.00 | English Books | ||||||
| Dewey Decimal Classification | Vinoba Puri | Vinoba Puri | 09/03/2010 | Uppal Book Store/9013/26.10.09/128/16.10.09/26.10.09 | 295.00 | 303.3 HAR | B-360844 | 09/03/2010 | 1 | 295.00 | English Books |
